000 01350nam a22003617a 4500
003 CHAP
005 20220329143251.0
008 071113d2006 mx r 00110 spa d
010 _a94185
011 _a95157
035 _a105768
040 _cCHAP
090 _aTesis
100 1 _aGarcía Carranza, Julio César.
_945822
245 1 0 _aResistencia a parásitos gastrointestinales en dos genotipos caprinos
_c/por García Carranza, Julio César
260 _aCocula, Gro. :
_bEl autor,
_c2006
300 _a63 h. :
_bilus. ; gráfs. ; cuadros
502 _aTesis (Ing. Agr. Zootecnista) -- Colegio Superior Agropecuario del Estado de Guerrero. Centro de Estudios Profesionales
590 _aALEPH
_b10
_c20130110
_lUCH01
_h1520
590 _aBATCH-UPD
_b10
_c20130110
_lUCH01
_h0639
590 _aBATCH-UPD
_b10
_c20130110
_lUCH01
_h2333
590 _aBATCH-UPD
_b10
_c20130410
_lUCH01
_h0323
590 _aBATCH-UPD
_b10
_c20130914
_lUCH01
_h1506
590 _aCONVERSION
_b10
_c20130109
_lUCH01
_h1352
650 1 4 _aGanado cabrío
_xParásitos.
_945035
650 1 4 _aGanado cabrio
_xResistencia a enfermedades.
_944987
650 1 4 _aNematodos parasitos de cabrio.
_980811
650 1 4 _aNemátodos.
_980819
901 _aBK
905 _aElisama A. H.
942 _cTESIS
949 _aTesis
_bBC
_cTES
_d33724002034793
_eTS1
_gDonaciØn
_h47240
_i105768
_sb
999 _c94185
_d94185